Côtes du littoral français - Carte Quiz - Statistiques

Statistiques générales
  • Ce quiz a été pris 11 487 fois
  • Le résultat moyen est 5 sur 16
Réponses sur la Carte
Les réponses sont colorées sur une échelle allant du rouge au vert en fonction du pourcentage des utilisateurs qui les ont devinées à leur premier essai. Vous pouvez retrouver ces pourcentages ci-dessous.
 
Statistiques - réponses
Réponse % Correct
Côte d'Azur
85%
Côte basque
80%
Côte camarguaise
60%
Côte d'Opale
51%
Côte de Cornouaille
40%
Côte des Havres
37%
Côte de granit rose
35%
Côte d'Iroise
25%
Côte d'Émeraude
21%
Côte d'Albâtre
17%
Côte Vermeille
17%
Côte d'Amour
14%
Côte d'Argent
14%
Côte de Lumière
13%
Côte de Nacre
10%
Côte d'Améthyste
7%
Aucun quiz correspondant
Distribution des résultats
% des personnes avec chaque résultat
Percentile par nombre de réponses
Votre historique - résultats
Vous n’avez pas pris ce quiz